| 000 | 00671nam a22001817a 4500 | ||
|---|---|---|---|
| 999 |
_c63963 _d63963 |
||
| 005 | 20260227113404.0 | ||
| 008 | 260227s2013 eng||||| |||| 00| 0 eng d | ||
| 020 | _a9780231152815x | ||
| 041 | _aeng | ||
| 080 | _a821(520) : 008 Sh-53 | ||
| 100 |
_aShirane, Haruo _927010 |
||
| 245 |
_aJapan and the Culture of the Four Seasons: _bNature, Literature, and the Arts / _cHaruo Shirane. |
||
| 264 |
_aNew York : _bColumbia University Press, _c2013. |
||
| 300 |
_a312 p.; _b23 cm. |
||
| 653 | _aიაპონური კულტურა | ||
| 653 | _aბუნება, ლიტერატურა და ხელოვნება | ||
| 942 |
_2udc _cᲬᲘᲒᲜᲘ |
||